00775nam a2200229Ia 4500003000900000008004100009020001800050040001600068080002200084100002400106245009100130260004200221300001500263650004100278650001900319650003400338650003400372650001900406942000700425999001500432952009800447IN-BaIIA211028s9999 xx 000 0 eng d a90-277-1118-6 cIIA Library a082.2:52bIAU-S92 aAbell, G. O.911263 0aObjects of high redshiftcG. O. Abell  aDordrechtbD. Reidel Publishingc1980 axvi, 340p. aAstronomy and Astrophysics Thesaurus aGalaxies91286 aGravitational redshift911264 aObservational cosmology98429 aRedshift98391 cBK c6577d6577 00104070aBANbBANcGENd1980-10-09l0o082.2:52/ IAU-S92p7313r2021-11-05w1980-10-09yBK